History Quiz

Random History or Country Quiz

Country Name Origins Quiz Stats

 Plays Quiz Updated Oct 11, 2018

Score 0/50 Timer 12:00
8 Plays Today
Named After ... Country % Correct
Arab royal family that founded the kingdom & still rules itSaudi Arabia
87.4%
Derivation of term meaning 'land of the Franks' or 'land of the free men'France
78.2%
Corruption of local name meaning 'the sun's origin' or 'land of the rising sun'Japan
75.6%
First President Simon BolivarBolivia
75%
Spanish adaptation of Portuguese 'Serra-Leõa' for 'lion mountains'Sierra Leone
72%
Proto-Celtic 'Iweriu' for 'the fertile place' or 'Place of Eire', a Celtic fertility goddessIreland
70.2%
English/Sanskrit variation of name of then-ruling Qin DynastyChina
67.3%
Latin word for 'free' regarding the return of freed American slaves to AfricaLiberia
66.9%
'Northern way'/'North way' or 'North region'Norway
66%
Portuguese for 'green cape'Cabo Verde
65.4%
Name coined in 1933 by Muslim Cambridge student based on first initials of words such as 'Punjab,' 'Afghan' and 'Kashmir' and the suffix of 'Balochistan'Pakistan
65.2%
King Philip II of SpainPhilippines
63.9%
Explorer Christopher ColumbusColombia
63.6%
Germanic for 'low lands'Netherlands
63.2%
Saint-Lawrence Iroquoian for 'the village' or 'little settlement'Canada
61.6%
Term in the Declaration of Independence and possibly Amerigo VespucciUnited States of America
60.3%
Probably Sanskrit 'Simhapura' or 'Singhapura' for 'Lion City'Singapore
58.7%
Spanish pronunciation of the name of the city of 'Marrakesh'Morocco
57.7%
Finance Minister to King Louis XV of France, Jean Moreau de SéchellesSeychelles
56.9%
After the indigenous Sotho peopleLesotho
56.5%
Bengali/Sanskrit for 'Bengali country'Bangladesh
54.7%
'White Russia'Belarus
52.9%
Nahua Aztec tribe and its capital cityMexico
52.7%
Biblical name for patriarch JacobIsrael
51.8%
Diminutive form of Arabic 'kut' meaning 'fortress built near water'Kuwait
49.8%
Named After ... Country % Correct
Country's largest ethnic group, the TswanaBotswana
49.8%
From medieval stronghold called 'Lucilinburhuc' meaning 'little fortress' or 'little castle' and German for 'fortification', 'keep' or 'borough'Luxembourg
49.6%
From Semitic root 'LBN' meaning 'white' or 'whiteness' referenced as far back as the Old TestamentLebanon
49.1%
Swahili version of name for the kingdom of the 52 clans of the Buganda peopleUganda
49.1%
Khmer kingdom of KambujaCambodia
47.6%
Spanish for 'rich coast'Costa Rica
46.8%
Malay word for 'frizzy-haired' (or possibly 'heathen') plus Spanish explorer's observation that locals resembled inhabitants of Guinea in AfricaPapua New Guinea
45.9%
The Biru River named for 'biru' or 'piru' meaning waterPeru
41.5%
From Latin for 'Sunday', the day Columbus first landed thereDominica
40.6%
Arabic for 'land of the blacks'Sudan
40.5%
From Latin for 'silver' or 'land of silver'Argentina
39%
From Portuguese for 'Saint Thomas and Prince (Islands)'São Tomé and Príncipe
38.7%
Ruling family whose name in German means 'light (as in bright) stone'Liechtenstein
37.8%
Spanish 'Baja Mar' meaning 'low (shallow) sea'Bahamas
37.3%
Italian for 'Little Venice' as named by European explorersVenezuela
35.1%
From Portuguese 'Rio de Camaroes' meaning 'River of Shrimp' or 'River of Prawns'Cameroon
33.7%
From Latin for ‘of the south’ or 'unknown southern land'Australia
27.3%
A province in the Netherlands whose name means 'sea land'New Zealand
26.3%
'South' or 'Southern' referring to the country's location relative to SamoaTonga
25.2%
Southern Spanish city of same nameGrenada
23.3%
Saint Christopher, the patron saint of travelling, and Spanish for 'Our Lady of the Snows'St. Kitts and Nevis
19.1%
Adaptation of 'Gilbert' from former name the 'Gilbert Islands'Kiribati
13.4%
Probably Latin for 'to prophesy' and hill named thereafter used by fortunetellers and soothsayersVatican City
12.5%
Arabic 'kamar' or 'kumr' meaning 'moon' as in 'Djazair al Kamar' meaning 'Island of the Moon'Comoros
11.8%
Probably Persian for 'forty tribes', 'forty girls' or 'imperishable' plus Persian for 'place' or 'homeland'Kyrgyzstan
11.1%

You're not logged in!

Compare scores with friends on all Sporcle quizzes.
OR
Log In

Show Comments

Extras

Top Quizzes Today


Score Distribution

Your Account Isn't Verified!

In order to create a playlist on Sporcle, you need to verify the email address you used during registration. Go to your Sporcle Settings to finish the process.

Report this User

Report this user for behavior that violates our Community Guidelines.

Details: